000 01894cam a22006014i 4500
003 PE-LiUPU
005 20260420162152.0
008 150625s1990 mx rb 000 0 spa d
020 _a9682438152
020 _a9789682438158
035 _a(Sirsi) i9789682438158
040 _aPE-LiUPU
_bspa
_cPE-LiUPU
_dPE-LiUPU
_erda
049 _aPRUA
082 0 4 _a150.1943
_bV719f
_221
100 1 _aVillareal Coindreau, Marcelo J.,
_eautor.
_98488
245 1 0 _aFundamentos de entrevista conductual :
_brevisión teórica /
_cMarcelo J. Villareal Coindreau.
250 _aSegunda edición.
264 1 _aMéxico :
_bTrillas,
_c1990 (reimp. 2004).
300 _a180 páginas ;
_c23 cm
336 _atext
_2rdacontent
337 _aunmediated
_2rdamedia
338 _avolume
_2rdacarrier
504 _aIncluye bibliografía.
505 0 _aConsideraciones preliminares -- Entrevista conductual -- Modelos para la entrevista conductual -- La entrevista conductual y la "terapia" del comportamiento -- Entrevista conductual y psicoterapia -- Entrevista conductual y medicina conductual -- Consideraciones finales.
526 _aSEG68
526 _aSEG70
526 _aSEG69
526 _aSEG67
526 _aSEG43
526 _aP144
526 _aP143
526 _aP131
526 _aP122
526 _aP120
526 _aP117
526 _aP112
526 _aP110
526 _aP106
526 _aP101
526 _aP80
526 _aP59
526 _aP54
526 _aP35
526 _aP33
526 _aP30
650 1 4 _aPsicología conductual
_98489
650 2 4 _aConductismo
_98490
650 2 4 _aEntrevista en psicología
_98491
650 2 4 _aPsicoterapia conductual
_98492
942 _2ddc
_cBK
980 _818226
_gJaime Vilcazán Jefe de Análisis Documental
999 _c47804
_d47804